000 00568nam a22001937a 4500
003 OSt
005 20140310182828.0
008 130530t xxu||||| |||| 00| 0 eng d
050 _aBR 1725
_b.R263
082 _aM 259.5
_bINS
245 _aThe inside story of "murf the surf" :
_bJack Murphy /
_cRay, Chaplain.
260 _aU.S.A :
_bAmerican Evangelistic Association & International Prison Ministry,
300 _a47 p. :
_bill. ;
_c21 cm.
521 _acollege students
526 _c1210L-1700L
541 _j1
562 _e1
942 _2lcc
_cBK
_kM
999 _c16549
_d16549